Niepełny obraz genezy systemu władzy komunistycznej w Polsce

Titel: Niepełny obraz genezy systemu władzy komunistycznej w Polsce
Verfasser:
In: Studia z dziejów Rosji i Europy Środkowo-Wschodniej, Band 38 (2003), Seite 307-317
alle Artikel anzeigen
Veröffentlicht: 2003
Format: Aufsatz
Sprache: Polnisch
Kein Bild verfügbar
X
alg: 39486364
001A    $01999:12-11-16 
001B    $01999:03-08-21 $t21:04:48.000 
001C    $06050:19-11-16 $t09:37:58.000 
001D    $01999:12-11-16 
001U    $0utf8 
001X    $00 
002@    $0Aox 
003@    $039486364X 
007A    $039486364X $aHEB 
007T    $0Herd75081 
010@    $apol 
011@    $a2003 
021A    $aNiepełny obraz genezy systemu władzy komunistycznej w Polsce 
028A    $aBartoszewicz $dHenryk 
031A    $d38 $h307-317 $j2003 
039B    $aIn $8--Abvc--. Studia z dziejów Rosji i Europy Środkowo-Wschodniej. - Warszawa : Wydawn. Naukowe Semper, 1992-. - ISSN 1230-5057 $x200300000380000693 $9048641332 
039T    $8--Aau--Kumoś, Zbigniew B. [Tnx]. Geneza satelickiego systemu władzy w Polsce 1941 - 1948. - Warszawa : Comandor, 2001. - 462 S.. - ISBN 83-88329-36-7 $9104477555 
045F    $a900.9438 $eDDC23BSB 
045F/01 $a900 
045F/03 $g438 
045T    $a7,41 

lok: 39486364 78

exp: 39486364 78 1 #EPN
201B/01 $018-11-16 $t12:58:33.000 
201U/01 $0utf8 
203@/01 $0791162230 
208@/01 $a12-11-16 $be 
209A/01 $a/ $f000 $x00 
220C/01 $aTitelaufnehmer: cs 
244Z/01 $2Trx $#Poola $#Lenkija $#Polija $#Polen Land $#Poland $#Lengyelország $#Poľsko $#Polsko $8--Trx--Polska$gkraj $x01 $9391345966 
244Z/01 $2Trx $#arvustused $#recenzijos $#Reviews $#recenziók $#recenzje $#recenzie $#recenze $8--Trx--Rezensionen $x02 $9391357441 
247C/01 $82080>Marburg/Lahn, Herder-Institut, Forschungsbibliothek, Bibliographieportal $9336309341
LEADER 00000caa a22000002c 4500
001 39486364X
003 DE-603
005 20210803210448.0
007 tu
008 161112s2003 xx |||| | u00||u|pol c
035 |a (DE-599)HEB39486364X 
040 |a DE-603  |b ger  |c DE-603  |d DE-603 
041 |a pol 
082 0 4 |8 1\u  |a 900.9438  |q DE-101  |2 23/BSB 
084 |a 7,41  |2 ssgn 
085 |8 1\u  |b 900 
085 |8 1\u  |z 2  |s 438 
100 1 |a Bartoszewicz, Henryk 
245 0 0 |a Niepełny obraz genezy systemu władzy komunistycznej w Polsce 
264 0 |c 2003 
773 0 8 |i In  |t Studia z dziejów Rosji i Europy Środkowo-Wschodniej  |d Warszawa : Wydawn. Naukowe Semper, 1992-  |x 1230-5057  |g Band 38 (2003), Seite 307-317  |w (DE-603)048641332  |w (DE-600)1176803-4 
787 0 8 |i Rezension von  |a Kumoś, Zbigniew B.  |t Geneza satelickiego systemu władzy w Polsce 1941 - 1948  |d Warszawa : Comandor, 2001  |h 462 S.  |z 8388329367  |w (DE-603)104477555 
924 0 |9 2080  |a (DE-603)791162230  |b DE-2080  |c HES  |d d  |g /